| 000 | 00446cam a2200169ua 4500 | ||
|---|---|---|---|
| 020 | _c5.00 | ||
| 041 |
_amal _h |
||
| 082 |
_a928.94812 _bPAR/SA |
||
| 100 | _aParameswaran nair, P . | ||
| 245 |
_aSahithya Panchanan / _cP.Parameswaran nair. _hTextual Documents |
||
| 260 |
_aKottayam : _bSahitya Parishad Co Operative Society Limited , _c1958. |
||
| 300 | _a142 ; . | ||
| 365 | _a5.00 | ||
| 504 | _a | ||
| 942 | _cBK | ||
| 999 |
_c719 _d719 |
||